01640nas a2200385 i 450000100060000000300080000600500170001400600190003100700150005000800410006502200140010603500210012004000310014105000210017208000120019308200150020524501030022026400880032330000350041131000150044633600310046133700330049233800430052536200490056858801270061759001640074465000370090865000620094565500290100771000650103671000550110179700190115685600620117599900170123752183FlNmELB20241216232355.0m o d | cr cnu||||||||150130c20149999sp qr o 0 b0spa d a0465-2746 a(OCoLC)992363862 aFINmELBbspaerdacFINmELB 4aTA401bM425 2014 a620(05)0 a620.1122300aMateriales de construcción /cCSIC, Instituto de ciencias de la construcción Educardo Torroja. 1aMadrid :bEditorial CSIC Consejo Superior de Investigaciones Científicas,c[2014] a1 recurso en línea (volumen) aTrimestral atextobtxt2rdacontent/spa acomputadorabc2rdamedia/spa arecurso en líneabcr2rdacarrier/spa1 aVolumen 64, número 314 (abril-junio 2014)- aDescripción basada en recurso en línea; Título de la página del título en PDF (e-libro, visto January 30, 2015). aRecurso electrónico. Santa Fe, Arg.: e-libro, 2015. Disponible vía World Wide Web. El acceso puede estar limitado para las bibliotecas afiliadas a e-libro. 0aBuilding materialsvPeriodicals. 4aMateriales de construcciónvPublicaciones periódicas. 4aRevistas electrónicas.2 aInstituto de ciencias de la construcción Educardo Torroja.2 aConsejo superior de investigaciones científicas.2 ae-libro, Corp.40uhttps://elibro.net/ereader/politecnicointernacional/82367 c52183d52183